Les épisodes de Doc Martin - Statistiques

Statistiques générales
  • Ce quiz a été pris 14 fois
  • Le résultat moyen est 25 sur 26
Statistiques - réponses
Réponse % Correct
Amour de jeunesse
100%
Bienvenue à Port-Garrec
100%
Blackout
100%
En vous souhaitant !
100%
La belle de Port-Garrec
100%
La belle et la bête
100%
La grande épidémie
100%
La grande illusion
100%
Le bulot d'or
100%
Le grand mal
100%
Le loup-garrou de Port-Garrec
100%
Le retour de l'enfant prodigue
100%
L'inconnu de Port-Garrec
100%
Madame Le Foll
100%
Martin les doigts d'or
100%
Mon ami Jean-Pierre
100%
Que fait la police ?
100%
Rats Attack
100%
Toute la vérité
100%
Un conjoint en poste
100%
Un corbeau et des baffes
100%
Une camisole pour le Doc
100%
La baronne de Port-Garrec
75%
L'amour dans l'oeuf
75%
La nuit de l'amour
75%
Trop, c'est trop !
50%
Aucun quiz correspondant
Distribution des résultats
% des personnes avec chaque résultat
Percentile par nombre de réponses
Votre historique - résultats
Vous n’avez pas pris ce quiz